Générique Galactik Football - Statistiques

Statistiques générales
  • Ce quiz a été pris 105 fois
  • Le résultat moyen est 55 sur 109
Statistiques - réponses
Réponse % Correct
le
86%
de
83%
Football.
83%
Football
83%
la
81%
a
80%
à
80%
galaxie
78%
un
78%
Galactik
77%
Les
74%
les
74%
fluide
72%
souffle.
65%
souffle
65%
peuples
64%
Akillian
62%
dans
62%
sport
62%
tous,
62%
plus
58%
est
57%
interdit
55%
sauf
55%
spectaculaire
55%
utiliser
55%
des
54%
domaine,
54%
Il
54%
Sur
54%
devenu
49%
planète,
49%
pouvoirs
49%
une
49%
puissance
46%
qu'on
46%
telle
46%
notre
45%
Notre
45%
appelés
43%
Leur
43%
s'appelle
43%
et
42%
maîtrisent
42%
fantastiques
41%
y
41%
ans
38%
fluides.
38%
génération
36%
Cup.
32%
jeune
30%
quinze
30%
Quinze
30%
joueurs
28%
disparaître
26%
glace.
26%
neige
26%
terrible
26%
explosion
23%
fit
23%
Mais
22%
nouveau
22%
en
20%
toute
20%
capable
19%
d'Akillian.
19%
nos
19%
secoua
19%
aujourd'hui
17%
chances
17%
compétition.
17%
maîtriser ?
17%
balaya
16%
renaît,
16%
dépend.
14%
l'espoir
14%
d'accéder
13%
l'écart
13%
avenir
12%
ressentir
12%
Sauront-ils
9%
Aucun quiz correspondant
Distribution des résultats
% des personnes avec chaque résultat
Percentile par nombre de réponses
Votre historique - résultats
Vous n’avez pas pris ce quiz